000
00332cam a2200157ua 4500
020
_c
Rs.1.25
041
_a
eng
_h
082
_a
894.812301
_b
PAR/KA
245
_a
Kamuki
260
_a
Quilom :
_b
M.S. book Depot ,
_c
1958.
300
_a
92 ; .
365
_a
Rs.1.25
504
_a
942
_c
BK
999
_c
11450
_d
11450